| 000 | 01350cam a2200397 i 4500 | ||
|---|---|---|---|
| 999 |
_c200429852 _d47778 |
||
| 001 | 200429852 | ||
| 003 | TR-AnTOB | ||
| 005 | 20241024164506.0 | ||
| 007 | ta | ||
| 008 | 150610s2015 tu tur d | ||
| 020 | _a9786059050432 | ||
| 040 |
_aTR-AnTOB _beng _erda _cTR-AnTOB _dTR-AnTOB |
||
| 041 | 0 | _atur | |
| 050 | 0 | 0 |
_aKKX4145 _b.Y87 2018 |
| 090 |
_aKKX4145 _b.Y87 2018 |
||
| 100 | 1 |
_aYurtcan, Erdener, _d1942- _eauthor _9115584 |
|
| 245 | 1 | 0 |
_aYargıtay kararları ışığında hakaret suçları / _cErdener Yurtcan. |
| 246 | 3 | 0 | _aHakaret suçları |
| 250 | _a3. Bası | ||
| 264 | 1 |
_aAnkara : _bTürkiye Barolar Birliği, _c2018. |
|
| 300 |
_a451 pages ; _c24 cm. |
||
| 336 |
_atext _2rdacontent _btxt |
||
| 337 |
_aunmediated _2rdamedia _bn |
||
| 338 |
_avolume _2rdacarrrier _bnc |
||
| 490 | 0 |
_aTürkiye Barolar Birliği Yayınları ; _v286 |
|
| 500 | _aMart 2018 itibariyle güncellenmiş. | ||
| 650 | 0 |
_9120315 _aLibel and slander |
|
| 650 | 0 |
_9120314 _aHakaret ve iftira _2etuturkob |
|
| 650 | 0 |
_aCriminal law _zTurkey _939535 |
|
| 650 | 0 |
_aTorts _xTurkey _956195 _zTurkey |
|
| 650 | 7 |
_aHaksız fiil _zTürkiye _2etuturkob _956193 |
|
| 650 | 7 |
_aCeza hukuku _zTürkiye _2etuturkob _948989 |
|
| 856 | _uhttp://tbbyayinlari.barobirlik.org.tr/TBBBooks/516.pdf | ||
| 942 |
_2lcc _cBK |
||